000 01071nam a22002055i 4500
001 154300
003 ES-MaACL
005 20251005063122.0
008 020221s1857 sp |||| | spa d
040 _aCAM
_bspa
_cCAM
100 1 _aGil y Baus, Isidoro,
_d1814-1866
_956736
245 1 4 _aLas huérfanas de la caridad
_b: drama en cinco actos y en prosa /
_carreglado á la escena española por Isidoro Gil.
260 _aMadrid :
_b[s.n.],
_c1857 (
_fImprenta de José Rodriguez)
300 _a80 p. ;
_c19 cm.
500 _aRepresentado por primera vez en Madrid, en el teatro de Novedades, el 14 de noviembre de 1857.
596 _aEn verso de port. consta: Los corresponsales del Sr. Gullon, editor de la galería lírico-dramática El Teatro ...
852 _aES-MaACL
_jD-703(5)
_z-- Enc. hol., conservando la enc. editorial
_z-- Legado M. de la Fuente
_z-- Enc. en un vol. facticio
852 _aES-MaACL
_jD-2490(3)
_z-- Enc. hol., conservando la enc. original
_z-- Legado de M. de la Fuente
_z-- Enc. en un vol. facticio
999 _c154300
_d154300